000 00302nam a2200121Ia 4500
008 180309s9999 xx 000 0 und d
020 _a9780373771325
100 _aSkully, Jennifer
245 _aSheer dynamite /
260 _aUSA :
_b2006
_cHQNBooks
300 _a379 pages
650 _aRomance fiction
999 _c356135
_d356135